Las actividades de enseñanza : un esquema de clasificación (Record no. 125454)

MARC details
000 -CABECERA
campo de control de longitud fija 00533nab a2200193 a 4500
005 - FECHA Y HORA DE LA ÚLTIMA TRANSACCIÓN
campo de control 20210223130334.0
008 - ELEMENTOS DE LONGITUD FIJA--INFORMACIÓN GENERAL
campo de control de longitud fija 991125s1985 mx 000 0 spa u
035 ## - NÚMERO DE CONTROL DEL SISTEMA
Número de control de sistema UPN01000153333
100 1# - ASIENTO PRINCIPAL--NOMBRE PERSONAL
Nombre de persona Cañal de León, Pedro
9 (RLIN) 33038
222 ## - TÍTULO CLAVE
Título clave INVESTIGACION EN LA ESCUELA
245 ## - MENCIÓN DE TÍTULO
Título Las actividades de enseñanza : un esquema de clasificación
260 ## - PUBLICACIÓN, DISTRIBUCIÓN, ETC.
Lugar de publicación, distribución, etc. Sevilla, España
300 ## - DESCRIPCIÓN FÍSICA
Extensión 5-21
362 0# - FECHAS DE PUBLICACIÓN Y/O DESIGNACIÓN SECUENCIAL
Fecha de publicación y/o designación secuencial 2000 No. 4
653 0# - TERMINO DE INDIZACION - NO CONTROLADO
Término no controlado ACTIVIDADES ESCOLARES
653 0# - TERMINO DE INDIZACION - NO CONTROLADO
Término no controlado ENSEÑANZA
653 0# - TERMINO DE INDIZACION - NO CONTROLADO
Término no controlado CIENCIAS
905 ## - TIPO DE MATERIAL
Tipo de material Articulo

No items available.